| 000 | 00483nam a2200169Ia 4500 | ||
|---|---|---|---|
| 003 | LDD | ||
| 008 | 190117s9999 xx 000 0 und d | ||
| 020 | _c₹80 | ||
| 040 | _cLDD | ||
| 041 | _ahi | ||
| 082 | _a8H8.703 सा 7624 | ||
| 100 | _aवाजपेयी, अशोक | ||
| 245 | 0 |
_aसाहित्य विनोद _cअशोक वाजपेयी |
|
| 260 |
_aनई दिल्ली _bनेशनल _c1982 |
||
| 300 | _a366प्र. | ||
| 942 |
_2ddc _cH |
||
| 999 |
_c169750 _d169750 |
||